Normal view
MARC view
- حاسبات الاكترونيه- امن معلومات
Entry Topical Term
001 - CONTROL NUMBER
- control field: 29453
003 - CONTROL NUMBER IDENTIFIER
- control field: JO-AjAnu
005 - DATE AND TIME OF LATEST TRANSACTION
- control field: 20230606074959.0
008 - FIXED-LENGTH DATA ELEMENTS
- fixed length control field: 230606|| aca||aabn | a|a d
040 ## - CATALOGING SOURCE
- Original cataloging agency: JO-AjAnu
- Transcribing agency: JO-AjAnu
150 ## - HEADING--TOPICAL TERM
- Topical term or geographic name entry element: حاسبات الاكترونيه- امن معلومات
670 ## - SOURCE DATA FOUND
- Source citation: Work cat.: (JO-AjAnu)15123: الحمامي، علاء حسين / م مشارك سعد عبد العزيز العاني, author 29452, تكنولوجيا أمنية المعلومات و أنظمة الحماية= Technology of Information Security and protection systems